[Event "Koge Foraar Gruppe 1 1993"]
[Site "Koge"]
[Date "1993.04.27"]
[Round "1"]
[White "Askgaard, Jens"]
[Black "Jensen, Dennis"]
[Result "1-0"]
[WhiteElo "1700"]
[BlackElo "1601"]
[PlyCount "55"]
[EventDate "1993.??.??"]


1. d4 Nf6 2. c4 d5 3. cxd5 Nxd5 4. e4 Nf6 5. Nc3 e6 6. Bg5 Be7 7. Nf3 Nbd7 8.
Bc4 O-O 9. O-O b6 10. e5 Ne8 11. Bxe7 Qxe7 12. d5 Bb7 13. dxe6 fxe6 14. Nd4 Kh8
15. Nxe6 Nxe5 16. Nxf8 Nxc4 17. Qd3 Qxf8 18. Qxc4 Qf5 19. f3 a5 20. Rae1 Qg6
21. Qd4 c5 22. Qd7 Ba6 23. Rf2 Bc4 24. Rd2 Rb8 25. Qa7 Rc8 26. Qb7 Rc6 27. Qe7
Re6 28. Qf8# 1-0

[Event "Koge Foraar Gruppe 1 1993"]
[Site "Koge"]
[Date "1993.04.27"]
[Round "1"]
[White "Carlsen, Erik"]
[Black "Hansen, Morten Lyck"]
[Result "1/2-1/2"]
[WhiteElo "1770"]
[BlackElo "1822"]
[PlyCount "65"]
[EventDate "1993.??.??"]


1. Nf3 Nf6 2. c4 e6 3. Nc3 d5 4. d4 c6 5. e3 Nbd7 6. Bd3 Be7 7. O-O O-O 8. Qc2
Re8 9. b3 a6 10. Bb2 Bd6 11. e4 dxe4 12. Nxe4 Nxe4 13. Bxe4 Nf8 14. Rad1 Qc7
15. Rfe1 b6 16. c5 bxc5 17. dxc5 Be7 18. Be5 Qb7 19. Bd6 f6 20. Bxe7 Rxe7 21.
Rd6 Bd7 22. Nd4 Rc8 23. Qc4 Kh8 24. Qa4 e5 25. Bd3 a5 26. Qxa5 Ra8 27. Qd2 Qa7
28. Qc2 Qxa2 29. Qxa2 Rxa2 30. Nxc6 Re6 31. Nb4 Rxd6 32. cxd6 Rd2 33. Bc4
1/2-1/2

[Event "Koge Foraar Gruppe 1 1993"]
[Site "Koge"]
[Date "1993.04.27"]
[Round "1"]
[White "Pedersen, Henrik Dahl"]
[Black "Elgaard, Brian"]
[Result "0-1"]
[WhiteElo "1739"]
[BlackElo "2182"]
[PlyCount "74"]
[EventDate "1993.??.??"]


1. b3 Nf6 2. Bb2 g6 3. e4 d6 4. g3 Bg7 5. Bg2 c5 6. Ne2 Nc6 7. O-O O-O 8. d3
Rb8 9. a4 a6 10. f4 Qc7 11. Nd2 Ng4 12. Bxg7 Kxg7 13. Qc1 Nd4 14. Qb2 e5 15.
Nxd4 cxd4 16. Rfc1 Bd7 17. Nf1 Rbc8 18. h3 Nf6 19. Nd2 b5 20. axb5 axb5 21. Nf3
Ng8 22. Ra2 Ra8 23. Rca1 Rxa2 24. Qxa2 Rc8 25. fxe5 dxe5 26. Qa7 f6 27. g4 h6
28. Kh2 Ne7 29. Kg3 Be6 30. Qa6 Qc6 31. Qxc6 Nxc6 32. Ra6 Bf7 33. Rb6 Nb4 34.
Rxb5 Nxc2 35. Nd2 Rc3 36. Bf1 Ne3 37. b4 Rc2 0-1

[Event "Koge Foraar Gruppe 1 1993"]
[Site "Koge"]
[Date "1993.04.27"]
[Round "1"]
[White "Schmidt, Christian"]
[Black "Andersen, Svend Erik"]
[Result "1-0"]
[WhiteElo "1600"]
[BlackElo "1899"]
[PlyCount "61"]
[EventDate "1993.??.??"]


1. e4 g6 2. Bc4 Bg7 3. c3 c6 4. Nf3 d5 5. exd5 cxd5 6. Bb3 Nf6 7. h3 O-O 8. O-O
Nc6 9. d4 Bf5 10. Bf4 Ne4 11. Nbd2 Qd7 12. Kh2 Rae8 13. Nh4 e5 14. dxe5 g5 15.
Nxe4 gxf4 16. Nxf5 Qxf5 17. Nd6 Qg5 18. Nxe8 Rxe8 19. Qg4 Qh6 20. Bxd5 Nxe5 21.
Qf5 Qd6 22. Rad1 Qc7 23. Kg1 Ng6 24. Rfe1 Be5 25. Bb3 Re7 26. Re4 Kg7 27. Rc4
Qb6 28. Rd7 Rxd7 29. Qxd7 f3 30. Rb4 Qf6 31. Rxb7 1-0

[Event "Koge Foraar Gruppe 1 1993"]
[Site "Koge"]
[Date "1993.05.04"]
[Round "2"]
[White "Elgaard, Brian"]
[Black "Andersen, Svend Erik"]
[Result "1-0"]
[WhiteElo "2182"]
[BlackElo "1899"]
[PlyCount "61"]
[EventDate "1993.??.??"]


1. c4 e5 2. Nc3 Nf6 3. Nf3 Nc6 4. g3 Bb4 5. Bg2 O-O 6. O-O d6 7. d4 Bxc3 8.
bxc3 Bg4 9. Rb1 Rb8 10. Rb2 exd4 11. cxd4 Re8 12. Qd3 Qd7 13. Re1 Bf5 14. Qa3
b6 15. Bf4 Na5 16. Rc1 Ne4 17. Nd2 Nxd2 18. Rxd2 Be4 19. f3 Bg6 20. e4 f5 21.
Qd3 fxe4 22. fxe4 Qe6 23. Re2 Re7 24. Ree1 Rbe8 25. Qf1 Qf6 26. e5 dxe5 27.
Bxe5 Qxf1+ 28. Rxf1 Bf7 29. Rf4 Nxc4 30. Rxf7 Rxe5 31. Rxc4 1-0

[Event "Koge Foraar Gruppe 1 1993"]
[Site "Koge"]
[Date "1993.05.04"]
[Round "2"]
[White "Hansen, Morten Lyck"]
[Black "Schmidt, Christian"]
[Result "0-1"]
[WhiteElo "1822"]
[BlackElo "1600"]
[PlyCount "106"]
[EventDate "1993.??.??"]


1. e4 e5 2. Nf3 Nc6 3. Bb5 Nge7 4. c3 a6 5. Ba4 g6 6. O-O Bg7 7. d4 exd4 8.
cxd4 O-O 9. d5 Ne5 10. Nxe5 Bxe5 11. Nc3 d6 12. Bh6 Bg7 13. Bxg7 Kxg7 14. Qd4+
Kg8 15. f4 Bd7 16. Bxd7 Qxd7 17. e5 dxe5 18. fxe5 Rad8 19. Rad1 Nf5 20. Qf4 Qe7
21. Ne4 Qh4 22. Nf6+ Kg7 23. g4 Ne7 24. Rf3 Ng8 25. Kg2 g5 26. Qe4 Nxf6 27.
exf6+ Kh8 28. Rf2 Rfe8 29. Qf3 Qh6 30. Rfd2 Rd6 31. Rf2 Qg6 32. Qf5 Qxf5 33.
Rxf5 Re2+ 34. Kf3 Rxb2 35. Re1 h6 36. Re8+ Kh7 37. Re7 Kg6 38. Rxc7 Rxf6 39.
Rxf6+ Kxf6 40. d6 Rd2 41. d7 Ke6 42. Rxb7 Rxd7 43. Rb2 Rd6 44. Ke4 Kf6 45. Rf2+
Kg6 46. a4 f6 47. Rb2 Re6+ 48. Kd5 Re5+ 49. Kd4 Ra5 50. Rb4 h5 51. h3 h4 52.
Kc4 Re5 53. Rb1 Re4+ 0-1

[Event "Koge Foraar Gruppe 1 1993"]
[Site "Koge"]
[Date "1993.05.04"]
[Round "2"]
[White "Jensen, Dennis"]
[Black "Carlsen, Erik"]
[Result "0-1"]
[WhiteElo "1601"]
[BlackElo "1770"]
[PlyCount "78"]
[EventDate "1993.??.??"]


1. e4 c5 2. Nc3 e6 3. Nf3 Nc6 4. d3 d5 5. exd5 exd5 6. Be2 Be7 7. O-O Nf6 8.
Bf4 a6 9. a4 O-O 10. Qd2 d4 11. Ne4 Nd5 12. Bg5 f6 13. Bh4 Re8 14. Rfe1 Be6 15.
Bg3 Rc8 16. Kh1 Kh8 17. Rab1 Rf8 18. c4 Ndb4 19. b3 Bf5 20. Bf1 Bg6 21. Bf4 Bh5
22. Be2 Bxf3 23. Bxf3 g5 24. Bg3 f5 25. Nxc5 Bxc5 26. Be5+ Nxe5 27. Rxe5 Bd6
28. Re6 Nc6 29. Rbe1 Bb4 30. Qe2 Bxe1 31. Qxe1 Qa5 32. Qe2 Qc3 33. h3 Qc1+ 34.
Kh2 Qf4+ 35. g3 Qb8 36. Bd5 Rce8 37. Qh5 Rxe6 38. Bxe6 Qe8 39. Bd5 Qxh5 0-1

[Event "Koge Foraar Gruppe 1 1993"]
[Site "Koge"]
[Date "1993.05.04"]
[Round "2"]
[White "Pedersen, Henrik Dahl"]
[Black "Askgaard, Jens"]
[Result "1/2-1/2"]
[WhiteElo "1739"]
[BlackElo "1700"]
[PlyCount "99"]
[EventDate "1993.??.??"]


1. d4 e6 2. g3 f5 3. c4 Nf6 4. Bg2 d5 5. Nc3 c6 6. Nf3 Bd6 7. O-O O-O 8. b3 Bd7
9. e3 Be8 10. Bb2 Bh5 11. cxd5 exd5 12. Qc1 Bxf3 13. Bxf3 Qe7 14. a4 a5 15. Ba3
Na6 16. Bxd6 Qxd6 17. Na2 Ne4 18. Qe1 Nb4 19. Nxb4 Qxb4 20. Qxb4 axb4 21. Bxe4
fxe4 22. Rfc1 Ra5 23. Rc5 Rfa8 24. Rac1 Kf7 25. Kg2 Ke6 26. f4 exf3+ 27. Kxf3
Rxc5 28. dxc5 Ke5 29. Rd1 Ra5 30. Rd4 Rxc5 31. Rxb4 b5 32. Rh4 h6 33. a5 b4 34.
Rxb4 Rxa5 35. Rb7 Kf6 36. Rb6 Rc5 37. b4 Rc2 38. b5 Rxh2 39. Rxc6+ Ke5 40. Rg6
Rb2 41. Rxg7 Rxb5 42. Rg6 Rb3 43. Rxh6 d4 44. Rh5+ Ke6 45. Kf4 Rxe3 46. g4 Re1
47. Rh8 Ke7 48. Rh3 Rd1 49. g5 d3 50. Ke4 1/2-1/2

[Event "Koge Foraar Gruppe 1 1993"]
[Site "Koge"]
[Date "1993.05.11"]
[Round "3"]
[White "Andersen, Svend Erik"]
[Black "Hansen, Morten Lyck"]
[Result "1-0"]
[WhiteElo "1899"]
[BlackElo "1822"]
[PlyCount "49"]
[EventDate "1993.??.??"]


1. e4 c5 2. Nc3 d6 3. Nf3 Nf6 4. Bc4 e6 5. d3 Be7 6. h3 O-O 7. Bg5 Nc6 8. Qd2
a6 9. a4 Re8 10. O-O Rb8 11. Rae1 Nd7 12. Bf4 Nd4 13. Nxd4 cxd4 14. Ne2 e5 15.
Bh2 Nc5 16. f4 Bf6 17. fxe5 dxe5 18. Rxf6 Qxf6 19. Rf1 Qd8 20. Bxf7+ Kh8 21.
Bxe8 Qxe8 22. Bxe5 Ra8 23. Bxg7+ Kxg7 24. Qg5+ Qg6 25. Qxc5 1-0

[Event "Koge Foraar Gruppe 1 1993"]
[Site "Koge"]
[Date "1993.05.11"]
[Round "3"]
[White "Askgaard, Jens"]
[Black "Elgaard, Brian"]
[Result "1/2-1/2"]
[WhiteElo "1700"]
[BlackElo "2182"]
[PlyCount "104"]
[EventDate "1993.??.??"]


1. d4 Nf6 2. c4 g6 3. f3 Bg7 4. e4 d6 5. Nc3 O-O 6. Be3 e5 7. d5 c6 8. g3 cxd5
9. Nxd5 Nc6 10. Bh3 Bxh3 11. Nxh3 Nxd5 12. cxd5 Nd4 13. O-O Rc8 14. Bxd4 exd4
15. Nf2 Qb6 16. Nd3 Rc7 17. Qb3 Qxb3 18. axb3 a6 19. Rac1 Re7 20. Rfe1 Bh6 21.
f4 Rfe8 22. e5 dxe5 23. Nxe5 Rd8 24. Ng4 Rxe1+ 25. Rxe1 Bg7 26. Re7 h5 27. Nf2
Rxd5 28. Rxb7 d3 29. Nd1 Bd4+ 30. Kf1 Kg7 31. h3 Kf6 32. g4 Ke6 33. Rb8 hxg4
34. hxg4 Rb5 35. Rd8 Rd5 36. Rb8 f5 37. g5 Rd7 38. Rg8 Kf7 39. Rc8 Re7 40. Rc6
d2 41. Rd6 Re1+ 42. Kg2 Rg1+ 43. Kf3 Rxd1 44. Rxd4 Rf1+ 45. Ke2 d1=Q+ 46. Rxd1
Rxf4 47. Rd6 Rb4 48. Rxa6 Rxb3 49. Ra7+ Ke8 50. Ra8+ Kd7 51. Ra6 Rxb2+ 52. Kf3
Rb3+ 1/2-1/2

[Event "Koge Foraar Gruppe 1 1993"]
[Site "Koge"]
[Date "1993.05.11"]
[Round "3"]
[White "Carlsen, Erik"]
[Black "Pedersen, Henrik Dahl"]
[Result "0-1"]
[WhiteElo "1770"]
[BlackElo "1739"]
[PlyCount "84"]
[EventDate "1993.??.??"]


1. Nf3 c5 2. c4 Nc6 3. Nc3 g6 4. d4 cxd4 5. Nxd4 Bg7 6. Nb3 Nf6 7. e4 d6 8. Be2
O-O 9. Be3 Be6 10. f3 Rc8 11. Rc1 Na5 12. Nd5 Bxd5 13. cxd5 Nxb3 14. Qxb3 Qa5+
15. Kf2 b5 16. Rc6 Rxc6 17. dxc6 a6 18. Rc1 Ne8 19. a4 Qxa4 20. Qxa4 bxa4 21.
c7 Nxc7 22. Rxc7 Bxb2 23. Bxa6 a3 24. Bc4 e6 25. Ba7 Ra8 26. Ba2 Rxa7 27. Rxa7
Bd4+ 28. Ke2 Bxa7 29. Kd3 Kg7 30. Kc3 Kf6 31. Bc4 Ke5 32. Bb5 f5 33. Bc6 Bg1
34. h4 Kf4 35. h5 gxh5 36. exf5 Kxf5 37. Be4+ Kf4 38. Bxh7 Kg3 39. Bg8 e5 40.
Bd5 Be3 41. Kb3 Bf4 42. Kxa3 Kxg2 0-1

[Event "Koge Foraar Gruppe 1 1993"]
[Site "Koge"]
[Date "1993.05.11"]
[Round "3"]
[White "Schmidt, Christian"]
[Black "Jensen, Dennis"]
[Result "1/2-1/2"]
[WhiteElo "1600"]
[BlackElo "1601"]
[PlyCount "128"]
[EventDate "1993.??.??"]


1. e4 d5 2. exd5 Qxd5 3. Nc3 Qa5 4. Nf3 Bf5 5. Bc4 Nf6 6. d3 c6 7. Bd2 e6 8.
O-O Qc7 9. h3 Nbd7 10. Re1 Bd6 11. Be3 O-O 12. Nh4 Bg6 13. Nxg6 hxg6 14. Bg5
Nh7 15. Bd2 Nhf6 16. Ne4 Nxe4 17. Rxe4 Nf6 18. Re1 b5 19. Bb3 a5 20. a3 Rfe8
21. Bg5 Nh7 22. Qd2 Nxg5 23. Qxg5 a4 24. Ba2 Bh2+ 25. Kh1 Bf4 26. Qg4 Be5 27.
Rab1 Rad8 28. Qe4 Bf6 29. Qf3 Rd4 30. Re4 Red8 31. Ree1 Rf4 32. Qe2 Qd6 33.
Red1 Bd4 34. f3 Rh4 35. c3 Bb6 36. d4 Bc7 37. Kg1 Qh2+ 38. Kf1 Bg3 39. Qe3 Qh1+
40. Qg1 Rxh3 41. Ke2 Qxg1 42. Rxg1 Rh2 43. Rbf1 g5 44. Bb1 f5 45. Ba2 Kf7 46.
b3 axb3 47. Bxb3 Kf6 48. Rd1 Ra8 49. Ra1 Bd6 50. a4 bxa4 51. Rxa4 Rxa4 52. Bxa4
c5 53. Kd3 cxd4 54. Kxd4 Bg3 55. Ke3 Rh4 56. Bb3 Bf4+ 57. Kd3 Rh8 58. Re1 Rd8+
59. Ke2 Rd2+ 60. Kf1 e5 61. Ra1 Ke7 62. Ra7+ Rd7 63. Ra6 Rd6 64. Ra7+ Rd7
1/2-1/2

[Event "Koge Foraar Gruppe 1 1993"]
[Site "Koge"]
[Date "1993.05.18"]
[Round "4"]
[White "Askgaard, Jens"]
[Black "Carlsen, Erik"]
[Result "1-0"]
[WhiteElo "1700"]
[BlackElo "1770"]
[PlyCount "61"]
[EventDate "1993.??.??"]


1. d4 Nf6 2. c4 e6 3. Nc3 b6 4. a3 Bb7 5. d5 exd5 6. cxd5 Be7 7. e4 d6 8. Bc4
O-O 9. Nge2 Nbd7 10. O-O Ne5 11. Ba2 Re8 12. f3 Ba6 13. b4 Bxe2 14. Qxe2 c5 15.
dxc6 Nxc6 16. Nd5 Nxd5 17. Bxd5 Rc8 18. Bb2 Bf6 19. Bxf6 Qxf6 20. Rac1 Qd4+ 21.
Qf2 Qxf2+ 22. Kxf2 Ne7 23. Bb7 Rcd8 24. Rc7 d5 25. Rd1 d4 26. Ba6 f5 27. Bb5
fxe4 28. Bxe8 e3+ 29. Ke2 Rxe8 30. Rxd4 Nf5 31. Rdd7 1-0

[Event "Koge Foraar Gruppe 1 1993"]
[Site "Koge"]
[Date "1993.05.18"]
[Round "4"]
[White "Elgaard, Brian"]
[Black "Hansen, Morten Lyck"]
[Result "1-0"]
[WhiteElo "2182"]
[BlackElo "1822"]
[PlyCount "67"]
[EventDate "1993.??.??"]


1. c4 e5 2. Nc3 Nf6 3. Nf3 Nc6 4. g3 Bb4 5. Bg2 Bxc3 6. bxc3 O-O 7. O-O e4 8.
Ng5 Re8 9. f3 exf3 10. Nxf3 Qe7 11. e3 d6 12. Nd4 Ne5 13. d3 Bg4 14. Qc2 c6 15.
e4 h6 16. Nf5 Bxf5 17. Rxf5 Rad8 18. Ba3 Nh7 19. Raf1 f6 20. Qe2 Qe6 21. Bc1 a6
22. a4 Ra8 23. a5 c5 24. Be3 Reb8 25. Rb1 Nc6 26. Rb6 Nf8 27. d4 cxd4 28. cxd4
Qe7 29. Qg4 Kh8 30. Rd5 Nd7 31. Rb2 Nd8 32. Bf4 Nf7 33. c5 dxc5 34. Rxd7 1-0

[Event "Koge Foraar Gruppe 1 1993"]
[Site "Koge"]
[Date "1993.05.18"]
[Round "4"]
[White "Jensen, Dennis"]
[Black "Andersen, Svend Erik"]
[Result "0-1"]
[WhiteElo "1601"]
[BlackElo "1899"]
[PlyCount "56"]
[EventDate "1993.??.??"]


1. d4 Nf6 2. c4 e6 3. Nc3 b6 4. Bg5 Bb7 5. e3 Be7 6. Nf3 d6 7. Be2 Nbd7 8. O-O
O-O 9. Rc1 c5 10. b3 Ne4 11. Bxe7 Qxe7 12. Nxe4 Bxe4 13. Nd2 Bg6 14. Bf3 Rad8
15. Qe2 e5 16. dxc5 Nxc5 17. e4 f5 18. exf5 Rxf5 19. Bd5+ Kh8 20. Ne4 Qh4 21.
Ng3 Rf4 22. Rc3 Rdf8 23. b4 Nd7 24. Rf3 Nf6 25. Rxf4 exf4 26. Ne4 Nxd5 27. cxd5
f3 28. gxf3 Bh5 0-1

[Event "Koge Foraar Gruppe 1 1993"]
[Site "Koge"]
[Date "1993.05.18"]
[Round "4"]
[White "Pedersen, Henrik Dahl"]
[Black "Schmidt, Christian"]
[Result "1-0"]
[WhiteElo "1739"]
[BlackElo "1600"]
[PlyCount "89"]
[EventDate "1993.??.??"]


1. e4 e5 2. Nf3 Nc6 3. Bc4 Bc5 4. c3 Nf6 5. d4 exd4 6. cxd4 Bb4+ 7. Nc3 d6 8.
Qb3 O-O 9. O-O Bxc3 10. bxc3 Na5 11. Qb4 Nxc4 12. Qxc4 Nxe4 13. Re1 d5 14. Qb4
Qd6 15. Qb3 c6 16. Ba3 c5 17. Rad1 Rd8 18. dxc5 Nxc5 19. Rxd5 Be6 20. Rxd6 Nxb3
21. Rxd8+ Rxd8 22. axb3 Bxb3 23. h3 Be6 24. Nd4 Bd5 25. Re7 Rc8 26. Nb5 a6 27.
Nd6 Rb8 28. c4 Be6 29. c5 Bd5 30. Bb4 h6 31. Ba5 Kf8 32. Rc7 h5 33. f4 g6 34.
Kf2 Kg7 35. Bc3+ Kg8 36. g3 Kf8 37. Bf6 Kg8 38. Ke3 Be6 39. Rxb7 Rxb7 40. Nxb7
Bxh3 41. c6 Bg2 42. Na5 Bh3 43. c7 Kf8 44. Nc6 Ke8 45. Na7 1-0

[Event "Koge Foraar Gruppe 1 1993"]
[Site "Koge"]
[Date "1993.05.25"]
[Round "5"]
[White "Andersen, Svend Erik"]
[Black "Pedersen, Henrik Dahl"]
[Result "0-1"]
[WhiteElo "1899"]
[BlackElo "1739"]
[PlyCount "93"]
[EventDate "1993.??.??"]


1. e4 c5 2. Nf3 d6 3. Nc3 e5 4. Bc4 Be6 5. Bxe6 fxe6 6. d3 Be7 7. O-O Nc6 8.
Ng5 Bxg5 9. Qh5+ g6 10. Qxg5 Qxg5 11. Bxg5 h6 12. Be3 g5 13. Nb5 Kd7 14. c3 a6
15. Na3 Nf6 16. Rfd1 Kc7 17. Rac1 b5 18. d4 c4 19. dxe5 Nxe5 20. f3 g4 21. f4
Nd3 22. Bd4 Rhf8 23. e5 Nxc1 24. exd6+ Kc6 25. Rxc1 Nd5 26. g3 Kxd6 27. b3 Rfc8
28. bxc4 bxc4 29. Rb1 Rc6 30. Rb7 Nc7 31. Be5+ Kd7 32. Rxc7+ Rxc7 33. Bxc7 Kxc7
34. Nxc4 Rb8 35. h3 gxh3 36. Kh2 Rb1 37. Kxh3 Rc1 38. Ne5 Rxc3 39. Kh4 Ra3 40.
g4 Rxa2 41. Kh5 Rh2+ 42. Kg6 a5 43. Kf6 a4 44. Nc4 Rf2 45. Ke5 Kc6 46. g5 hxg5
47. fxg5 0-1

[Event "Koge Foraar Gruppe 1 1993"]
[Site "Koge"]
[Date "1993.05.25"]
[Round "5"]
[White "Hansen, Morten Lyck"]
[Black "Jensen, Dennis"]
[Result "1/2-1/2"]
[WhiteElo "1822"]
[BlackElo "1601"]
[PlyCount "52"]
[EventDate "1993.??.??"]


1. e4 d5 2. exd5 Qxd5 3. Nc3 Qa5 4. d4 Bf5 5. Nf3 Nf6 6. Bc4 e6 7. Bd2 c6 8.
Bb3 Qc7 9. O-O Bd6 10. Re1 O-O 11. Ne5 Nbd7 12. Qe2 c5 13. Nb5 Qb6 14. Nxd6
Qxd6 15. Nxd7 Nxd7 16. dxc5 Nxc5 17. Bb4 Qc6 18. Rad1 a5 19. Bxc5 Qxc5 20. c3
b5 21. Rd7 a4 22. Bc2 Bxc2 23. Qxc2 Rfc8 24. Qd2 a3 25. Rd1 axb2 26. Qxb2 g6
1/2-1/2

[Event "Koge Foraar Gruppe 1 1993"]
[Site "Koge"]
[Date "1993.05.25"]
[Round "5"]
[White "Schmidt, Christian"]
[Black "Askgaard, Jens"]
[Result "0-1"]
[WhiteElo "1600"]
[BlackElo "1700"]
[PlyCount "100"]
[EventDate "1993.??.??"]


1. e4 e6 2. Nf3 d5 3. e5 c5 4. c4 d4 5. d3 Ne7 6. Bf4 b6 7. a3 Nd7 8. Bg3 Qc7
9. Be2 Nc6 10. Nbd2 Ndxe5 11. Nxe5 Nxe5 12. Ne4 Bb7 13. Bf3 Nxf3+ 14. Qxf3 Qd7
15. O-O Be7 16. Qf4 O-O 17. Rfe1 Rad8 18. Re2 h6 19. Rae1 f5 20. Nd2 Bg5 21.
Qc7 f4 22. Qxd7 Rxd7 23. h4 fxg3 24. hxg5 gxf2+ 25. Rxf2 Re7 26. Rfe2 Rfe8 27.
gxh6 gxh6 28. Re5 Rg7 29. Ne4 Bxe4 30. R5xe4 Rg3 31. Rd1 Kf7 32. Rd2 Reg8 33.
b4 Ke7 34. Rh4 R8g6 35. Re4 Kd6 36. b5 h5 37. a4 e5 38. Kh2 R6g4 39. Re1 h4 40.
Rf1 Rf4 41. Re1 e4 42. Red1 Rxd3 43. Rxd3 exd3 44. Rxd3 Ke5 45. a5 Ke4 46. axb6
axb6 47. Ra3 d3 48. g3 hxg3+ 49. Kxg3 d2 50. Ra1 Rf6 0-1

[Event "Koge Foraar Gruppe 1 1993"]
[Site "Koge"]
[Date "1993.06.01"]
[Round "6"]
[White "Askgaard, Jens"]
[Black "Andersen, Svend Erik"]
[Result "1-0"]
[WhiteElo "1700"]
[BlackElo "1899"]
[PlyCount "115"]
[EventDate "1993.??.??"]


1. d4 Nf6 2. c4 e6 3. Nc3 b6 4. Nf3 Bb7 5. a3 d5 6. cxd5 exd5 7. Bg5 Be7 8. e3
O-O 9. Bd3 Ne4 10. Bxe7 Qxe7 11. O-O Nd7 12. Rc1 c5 13. dxc5 Ndxc5 14. Be2 Rfd8
15. b4 Ne6 16. Nb5 a5 17. Nfd4 axb4 18. Nxe6 Qxe6 19. Nc7 Qd6 20. Nxa8 Nc3 21.
Qd2 Rxa8 22. axb4 Nxe2+ 23. Qxe2 Qxb4 24. Rb1 Qa5 25. Qb5 Qxb5 26. Rxb5 Bc8 27.
Rxb6 Be6 28. Rfb1 g6 29. Rb8+ Rxb8 30. Rxb8+ Kg7 31. h4 h5 32. Kf1 Kf6 33. Ke2
Kf5 34. f3 Ke5 35. Kd2 Kf5 36. Kc3 Ke5 37. Rb4 f6 38. Rd4 g5 39. g3 Bh3 40. f4+
gxf4 41. Rxf4 Be6 42. Kb4 Bf5 43. Kc5 Be4 44. Rf2 f5 45. Rd2 Bf3 46. Rd4 Be4
47. Kc6 Bf3 48. Kd7 Be4 49. Ke7 Bf3 50. Rf4 Bg4 51. Kf7 Bd1 52. Kg6 Ke6 53. Kg5
Bg4 54. Rd4 Ke5 55. Rb4 Bf3 56. Rb8 Ke4 57. Re8+ Kd3 58. Kxf5 1-0

[Event "Koge Foraar Gruppe 1 1993"]
[Site "Koge"]
[Date "1993.06.01"]
[Round "6"]
[White "Carlsen, Erik"]
[Black "Schmidt, Christian"]
[Result "0-1"]
[WhiteElo "1770"]
[BlackElo "1600"]
[PlyCount "56"]
[EventDate "1993.??.??"]


1. Nf3 Nc6 2. d4 d5 3. c4 e6 4. e3 Nf6 5. Nc3 b6 6. a3 Bd6 7. b4 O-O 8. Qc2 h6
9. cxd5 exd5 10. Nxd5 Bb7 11. Nxf6+ Qxf6 12. Be2 Ne7 13. e4 Qg6 14. O-O Bxe4
15. Qb2 Nf5 16. g3 Rfe8 17. Ne5 Bxe5 18. dxe5 Rad8 19. Rd1 Rxd1+ 20. Bxd1 Qe6
21. f4 Rd8 22. Bb3 Qg6 23. Qf2 Rd3 24. Bc2 Rf3 25. Bxe4 Rxf2 26. Kxf2 Qe6 27.
g4 Nd4 28. Be3 Qxg4 0-1

[Event "Koge Foraar Gruppe 1 1993"]
[Site "Koge"]
[Date "1993.06.01"]
[Round "6"]
[White "Elgaard, Brian"]
[Black "Jensen, Dennis"]
[Result "1/2-1/2"]
[WhiteElo "2182"]
[BlackElo "1601"]
[PlyCount "37"]
[EventDate "1993.??.??"]


1. e4 d5 2. exd5 Qxd5 3. Nc3 Qa5 4. Bc4 Bf5 5. d4 Nf6 6. Bd2 c6 7. Nf3 e6 8.
O-O Be7 9. Nd5 Qd8 10. Nxe7 Qxe7 11. a3 Nbd7 12. Bb4 Qd8 13. a4 Qc7 14. Qe2
O-O-O 15. Ne5 Nxe5 16. dxe5 Nd5 17. Bd6 Qd7 18. b4 Nc3 19. Qe3 1/2-1/2

[Event "Koge Foraar Gruppe 1 1993"]
[Site "Koge"]
[Date "1993.06.01"]
[Round "6"]
[White "Pedersen, Henrik Dahl"]
[Black "Hansen, Morten Lyck"]
[Result "1-0"]
[WhiteElo "1739"]
[BlackElo "1822"]
[PlyCount "83"]
[EventDate "1993.??.??"]


1. c4 Nf6 2. Nc3 e5 3. g3 Bb4 4. Bg2 O-O 5. Nf3 Bxc3 6. bxc3 e4 7. Ng5 Re8 8.
f3 exf3 9. Nxf3 d6 10. O-O Nc6 11. Nd4 Nxd4 12. cxd4 c6 13. d3 Qb6 14. e3 d5
15. Rf4 Be6 16. Qc2 Rad8 17. Rb1 Qc7 18. Bd2 Qd7 19. Qa4 a6 20. c5 Bf5 21. Qb3
Rb8 22. Qc3 Bg6 23. Rb6 Qc7 24. Rf1 Nd7 25. Rb3 b6 26. e4 dxe4 27. Bf4 Qa7 28.
Bxb8 Rxb8 29. cxb6 Rxb6 30. Rxb6 Qxb6 31. Bxe4 Bxe4 32. dxe4 Nf6 33. e5 Ne4 34.
Qc4 Qa7 35. Rf4 Ng5 36. Qxc6 Nh3+ 37. Kf1 Qb8 38. Re4 Ng5 39. Re1 Ne6 40. d5
Nd4 41. Qc5 Nf3 42. Rc1 1-0

[Event "Koge Foraar Gruppe 1 1993"]
[Site "Koge"]
[Date "1993.06.08"]
[Round "7"]
[White "Hansen, Morten Lyck"]
[Black "Askgaard, Jens"]
[Result "1-0"]
[WhiteElo "1822"]
[BlackElo "1700"]
[PlyCount "65"]
[EventDate "1993.??.??"]


1. e4 e6 2. d4 d5 3. Nd2 dxe4 4. Nxe4 Nd7 5. Nf3 Ngf6 6. Bg5 Be7 7. Nc3 b6 8.
Bb5 Bb7 9. O-O O-O 10. Qe2 h6 11. Bh4 g5 12. Bg3 Nh5 13. Ne5 Nxg3 14. fxg3 Nxe5
15. dxe5 c6 16. Rad1 Qc7 17. Bd3 c5 18. Be4 Bxe4 19. Qxe4 a6 20. g4 Rad8 21.
Ne2 b5 22. Ng3 Rd4 23. Rxd4 cxd4 24. Nh5 Qc5 25. Rf6 d3+ 26. Kh1 Rd8 27. Rxh6
f5 28. exf6 Qf5 29. Qxf5 exf5 30. fxe7 Rc8 31. Rc6 d2 32. Rxc8+ Kh7 33. Rd8 1-0